ការប្រៀបធៀបការអនុវត្តន៍កសិកម្មពនេចរ និងកសិកម្មប្រពលវប្បកម្ម (Record no. 9561)

000 -LEADER
fixed length control field 00398nam a22001217a 4500
040 ## - CATALOGING SOURCE
Transcribing agency SK
082 ## - DEWEY DECIMAL CLASSIFICATION NUMBER
Classification number 338
100 ## - MAIN ENTRY--AUTHOR NAME
Personal name សួន សេង
245 ## - TITLE STATEMENT
Title ការប្រៀបធៀបការអនុវត្តន៍កសិកម្មពនេចរ និងកសិកម្មប្រពលវប្បកម្ម
260 ## - PUBLICATION, DISTRIBUTION, ETC. (IMPRINT)
Place of publication RUA
Name of publisher សួន
Year of publication 2001
300 ## - PHYSICAL DESCRIPTION
Number of Pages 120p.
942 ## - ADDED ENTRY ELEMENTS (KOHA)
Koha item type សៀវភៅភាសាខ្មែរ
952 ## - LOCATION AND ITEM INFORMATION (KOHA)
Withdrawn status [LOCAL, KOHA] 0
Holdings
Permanent Location Date acquired Koha item type Lost status Shelving location Barcode Current Location Full call number
Library Block C2016-09-05សៀវភៅភាសាខ្មែរ C063RUA045344Library Block C338 សួន 2001 C63
មជ្ឈមណ្ឌលឯការនៃសាកលវិទ្យាល័យភូមិន្ទកសិកម្មចំការដូង

Powered by Koha